Southville International School and Colleges
Your cart is empty.
  • Cart
  • Lists
    Public lists Eva Luna New books Lux_list list_1
    Your lists Log in to create your own lists
  • Log in to your account
  • Your cookies
  • Search history
Southville International School and Colleges
  • Advanced search
  • Recent comments
  • Most popular
  • Libraries

Log in to your account

Log in with GOOGLE


If you do not have an external account, but do have a local account, you can still log in:

  1. Home
  2. MARC view: The city of new york city /
Normal view MARC view ISBD view

The city of new york city / (Record no. 9925)

[ view plain ]
MARC details
000 -LEADER
fixed length control field 00466nam a22001697a 4500
003 - CONTROL NUMBER IDENTIFIER
control field OSt
005 - DATE AND TIME OF LATEST TRANSACTION
control field 20140310182146.0
008 - FIXED-LENGTH DATA ELEMENTS--GENERAL INFORMATION
fixed length control field 130829t xxu||||| |||| 00| 0 eng d
050 ## - LIBRARY OF CONGRESS CALL NUMBER
Classification number F 128
Item number .G492 1995
082 ## - DEWEY DECIMAL CLASSIFICATION NUMBER
Classification number HS 917.4704
Item number C498 1995
100 ## - MAIN ENTRY--PERSONAL NAME
Personal name Gindi, Jack.
9 (RLIN) 15524
245 ## - TITLE STATEMENT
Title The city of new york city /
Statement of responsibility, etc Jack Gindi.
260 ## - PUBLICATION, DISTRIBUTION, ETC. (IMPRINT)
Place of publication, distribution, etc New York :
Name of publisher, distributor, etc City Merchandise,
Date of publication, distribution, etc c1995.
300 ## - PHYSICAL DESCRIPTION
Extent 63 p. :
Other physical details ill. ;
Dimensions 26 cm.
942 ## - ADDED ENTRY ELEMENTS (KOHA)
Source of classification or shelving scheme Library of Congress Classification
Koha item type
Holdings
Withdrawn status Lost status Source of classification or shelving scheme Damaged status Home library Current library Shelving location Date acquired Total Checkouts Full call number Barcode Date last seen Copy number Price effective from Koha item type
    Library of Congress Classification   Luxembourg Library Luxembourg Library High School Section 08/29/2013   F 128 .G492 1995 3081 01/07/2020 1 08/29/2013 Books

The city of new york city /

APA

Gindi J., . (1995). The city of new york city. New York: City Merchandise.

Chicago

Gindi Jack, . 1995. The city of new york city. New York: City Merchandise.

Harvard

Gindi J., . (1995). The city of new york city. New York: City Merchandise.

MLA

Gindi Jack, . The city of new york city. New York: City Merchandise. 1995.

  • Place hold
  • Print
  • Cite
  • Add to your cart (remove)
  • Save record
    BIBTEX Dublin Core MARCXML MARC (non-Unicode/MARC-8) MARC (Unicode/UTF-8) MARC (Unicode/UTF-8, Standard) MODS (XML) RIS
  • More searches
    Search for this title in:
    Other Libraries (WorldCat) Other Databases (Google Scholar) Online Stores (Bookfinder.com) Open Library (openlibrary.org)

Exporting to Dublin Core...

SOUTHVILLE LIBRARY

Southville International School and Colleges Library

1281 Tropical Ave. Cor. Luxembourg St., BF Homes International, Las Pinas City

Tel. No. 8256374 / 252358 Loc. 117/146

Powered by Koha